Cyclisme : les champions du monde de cyclocross (1950-2024) - Statistiques

Statistiques générales
  • Ce quiz a été pris 127 fois
  • Le résultat moyen est 19 sur 75
Statistiques - réponses
Années Villes Vainqueurs % Correct
1996 Montreuil, France Adrie van der Poel
100%
2015 Tábor, Tchéquie Mathieu van der Poel
100%
2019 Bogense, Danemark Mathieu van der Poel
100%
2020 Dübendorf, Suisse Mathieu van der Poel
100%
2021 Ostende, Belgique Mathieu van der Poel
100%
2023 Hoogerheide, Pays-Bas Mathieu van der Poel
100%
2024 Tábor, Tchéquie Mathieu van der Poel
100%
2016 Zolder, Belgique Wout van Aert
96%
2017 Sanem (Belvaux), Luxembourg Wout van Aert
96%
2018 Fauquemont (Valkenburg), Pays-Bas Wout van Aert
96%
2022 Fayetteville, États-Unis d'Amérique Thomas Pidcock
79%
2005 Saint-Wendel, Allemagne Sven Nys
58%
2013 Louisville, États-Unis d'Amérique Sven Nys
58%
2010 Tábor, Tchéquie Zdenek Stybar
58%
2011 Saint-Wendel, Allemagne Zdenek Stybar
58%
2014 Hoogerheide, Pays-Bas Zdenek Stybar
58%
1966 Beasain, Espagne Erik De Vlaeminck
38%
1968 Luxembourg, Luxembourg Erik De Vlaeminck
38%
1969 Magstadt, Allemagne Erik De Vlaeminck
38%
1970 Zolder, Belgique Erik De Vlaeminck
38%
1971 Apeldoorn, Pays-Bas Erik De Vlaeminck
38%
1972 Prague, Tchécoslovaquie Erik De Vlaeminck
38%
1973 Londres (Crystal Palace), Royaume-Uni Erik De Vlaeminck
38%
1975 Melchnau, Suisse Roger De Vlaeminck
38%
2009 Hoogerheide, Pays-Bas Niels Albert
19%
2012 Coxyde, Belgique Niels Albert
19%
1950 Paris (Plateau de Gravelle), France Jean Robic
12%
1980 Wetzikon, Suisse Roland Liboton
11%
1982 Lanarvily, France Roland Liboton
11%
1983 Birmingham, Royaume-Uni Roland Liboton
11%
1984 Oss, Pays-Bas Roland Liboton
11%
1993 Corva di Azzano, Italie Dominique Arnould
10%
2008 Trévise, Italie Lars Boom
10%
2003 Monopoli, Italie Bart Wellens
8%
2004 Pontchâteau, France Bart Wellens
8%
2000 Saint-Michel-Gestel, Pays-Bas Richard Groenendaal
8%
1954 Crenna, Italie André Dufraisse
6%
1955 Sarrebruck, Allemagne André Dufraisse
6%
1956 Luxembourg, Luxembourg André Dufraisse
6%
1957 Edelare, Belgique André Dufraisse
6%
1958 Limoges, France André Dufraisse
6%
2001 Tábor, Tchéquie Erwin Vervecken
6%
2006 Zeddam, Pays-Bas Erwin Vervecken
6%
2007 Hooglede-Gits, Belgique Erwin Vervecken
6%
1951 Luxembourg, Luxembourg Roger Rondeaux
6%
1952 Genève, Suisse Roger Rondeaux
6%
1953 Ognate, Espagne Roger Rondeaux
6%
1997 Munich, Allemagne Daniele Pontoni
5%
1988 Hagendorf, Suisse Pascal Richard
5%
1991 Gieten, Pays-Bas Radomir Simunek Sr
5%
1976 Chazay-d'Azergues, France Albert Zweifel
4%
1977 Hanovre, Allemagne Albert Zweifel
4%
1978 Amorebieta-Etxano, Espagne Albert Zweifel
4%
1979 Saccolongo, Italie Albert Zweifel
4%
1986 Lembeek, Belgique Albert Zweifel
4%
1998 Middelfart, Danemark Mario De Clercq
4%
1999 Poprad, Slovaquie Mario De Clercq
4%
2002 Zolder, Belgique Mario De Clercq
4%
1992 Leeds, Royaume-Uni Mike Kluge
4%
1989 Pontchâteau, France Danny De Bie
3%
1995 Eschenbach, Suisse Dieter Runkel
3%
1990 Getxo, Espagne Henk Baars
3%
1985 Munich, Allemagne Klaus-Peter Thaler
3%
1987 Mlada Boleslav, Tchécoslovaquie Klaus-Peter Thaler
3%
1994 Coxyde, Belgique Paul Herijgers
3%
1960 Tolosa, Espagne Rolf Wolfshohl
3%
1961 Hanovre, Allemagne Rolf Wolfshohl
3%
1963 Calais, France Rolf Wolfshohl
3%
1974 Vera di Bidasoa, Espagne Albert dit Berten Van Damme
2%
1981 Tolosa, Espagne Hennie Stamsnijder
2%
1959 Genève, Suisse Renato Longo
2%
1962 Esch-sur-Alzette, Luxembourg Renato Longo
2%
1964 Overboelare, Belgique Renato Longo
2%
1965 Cavaria, Italie Renato Longo
2%
1967 Zurich, Suisse Renato Longo
2%
Aucun quiz correspondant
Distribution des résultats
% des personnes avec chaque résultat
Percentile par nombre de réponses
Votre historique - résultats
Vous n’avez pas pris ce quiz